Аэрофотоснимок танкового боя на северо-западе от Сталинграда, сделанный с немецкого самолета, с условными обозначениями на немец...

RUSMARC
00005693cfm0a2200397#x 450
001462ecdab-7238-43b5-8e17-27afca484830
00520221114153709.0
100##$a20221114j19420903k###0rusy50 ca
1010#$ager
102##$aDE
120##$aa#a####xx####
121##$aab#aаccxz
$bbc####xx
1220#$ad19420903##
1230#$az
124##$ab
$bz
$car
$db
2001#$aАэрофотоснимок танкового боя на северо-западе от Сталинграда, сделанный с немецкого самолета, с условными обозначениями на немецком языке
$j3 сентября 1942 г.
251##$cДокумент
300##$aФотография
461#0$12001
$aФ. 3ос.
$1251
$cФонд
$1852
$j3ос.
462#0$12001
$aОп. 8
$1251
$cОпись
$1852
$j8
462#0$12001
$aД. 4
$vЛ. 24
$1251
$cДело
$1852
$j4
605##$2prlib_sh
$3LIBNET\UAF\0000088514
$aВторая мировая война в архивных документах (Комплекс оцифрованных архивных документов, кино- и фотоматериалов)
$lколлекция
6061#$2nlr_sh
$3RU\NLR\AUTH\661398676
$aВеликая Отечественная война
$z1941 - 1945
$xПервый период
$jФотографии
6061#$2nlr_sh
$3RU\NLR\AUTH\661261857
$aСталинградская битва
$z1942 - 1943
$jФотографии
6061#$2nlr_sh
$3RU\NLR\AUTH\661479554
$aТанковые сражения
$z20 в.
$jФотографии
608##$2prlib_sh
$3LIBNET\UAF\0000104556
$aАэрофотография
617##$cВолгоградская область
$2prlib_sh
686##$a63.3(2)622,11я61
$vLBC/M
$2rubbk
686##$a63.3(2Рос-4Вол)622я61
$vLBC/M
$2rubbk
686##$a68.513я61
$vLBC/M
$2rubbk
801#0$aRU
$bПБ им. Б.Н. Ельцина
$c20221114
801#1$aRU
$bПБ им. Б.Н. Ельцина
$c20221114
$2rusmarc
801#2$aRU
$bПБ им. Б.Н. Ельцина
$c20221114
$2rusmarc
850##$aЦентральный архив Федеральной службы безопасности России
852##$aЦА ФСБ России
$jЛ. 24
8564#$nПБ им. Б.Н. Ельцина
$uhttp://readingroom.main.prlib.ru/item.aspx?id_node=n180529932&mode=full
035##$aLIBNET\0001286797
937##$d180529932
$hФедеральное архивное агентство
Формат отображения